00344nam a2200121Ia 4500008004100000041001200041082002000053100002800073245005600101260002700157300001100184650002700195231217s9999 xx 000 0 und d aEnglish a001.539 KLI1;1 aKlir, George J Yuan, Bo 0aFuzzy sets and fuzzy logic: Theory and applications c1995bNew Delhi : PHI, axv+574 aFuzzy sets Fuzzy logic